| Tag |
First Indicator |
Second Indicator |
Subfields |
| LEADER |
00000cam a2200000 a 4500 |
| 001 |
in00000028795 |
| 005 |
20151007054709.0 |
| 008 |
880524s1988 wb a b 10010 eng d |
| 020 |
|
|
|a 3540191216 (Germany)
|
| 020 |
|
|
|a 0387191216 (U.S.)
|
| 035 |
|
|
|a (OCoLC)17991959
|
| 035 |
|
|
|9 AAB5970AM
|
| 040 |
|
|
|a EUE
|c EUE
|d WVU
|d TXA
|d UtOrBLW
|
| 049 |
|
|
|a TXAM
|c [A12643497]
|
| 050 |
|
4 |
|a QA76.9.D3
|b S98 1987
|
| 111 |
2 |
|
|a Symposium on Mathematical Fundamentals of Database Systems
|n (1st :
|d 1987 :
|c Dresden)
|
| 245 |
1 |
0 |
|a MFDBS 87 :
|b 1st Symposium on Mathematical Fundamentals of Database Systems, Dresden, GDR, January 19-23, 1987, proceedings /
|c J. Biskup [and others], (eds.).
|
| 264 |
|
1 |
|a Berlin :
|b Springer,
|c [1988]
|
| 264 |
|
4 |
|c ©1988
|
| 300 |
|
|
|a 247 pages :
|b illustrations ;
|c 24 cm.
|
| 336 |
|
|
|a text
|b txt
|2 rdacontent
|
| 337 |
|
|
|a unmediated
|b n
|2 rdamedia
|
| 338 |
|
|
|a volume
|b nc
|2 rdacarrier
|
| 490 |
1 |
|
|a Lecture notes in computer science ;
|v 305
|
| 504 |
|
|
|a Includes bibliographies.
|
| 650 |
|
0 |
|a Database management
|x Mathematical models
|x Congresses.
|
| 700 |
1 |
|
|a Biskup, J.
|q (Joachim)
|
| 830 |
|
0 |
|a Lecture notes in computer science ;
|v 305.
|
| 999 |
|
|
|a MARS
|
| 999 |
f |
f |
|s de179979-8a75-358f-b862-7f1945de11bf
|i 64758131-27f6-328a-8dbc-a814115cec8b
|t 0
|
| 952 |
f |
f |
|p ric
|a Texas A&M University
|b Rellis Campus
|c Joint Library Facility
|d Remote Storage
|t 0
|e QA76.9.D3 S98 1987
|h Library of Congress classification
|i unmediated -- volume
|m A14812643497
|
| 998 |
f |
f |
|a QA76.9.D3 S98 1987
|t 0
|l Remote Storage
|